| 000 | 00994cam a2200313 4500 | ||
|---|---|---|---|
| 001 | 200467276 | ||
| 003 | TR-AnTOB | ||
| 005 | 20260205125550.0 | ||
| 007 | ta | ||
| 008 | 960509s1975 rura b 001 0 eng | ||
| 040 |
_aDLC _beng _erda _cDLC _dTR-ANTOB |
||
| 041 | 1 |
_aeng _hrus |
|
| 050 | 1 | 4 |
_aQA155.2 _b.K97613 1980 |
| 090 |
_aQA155.2 _b.K97613 1980 |
||
| 100 | 1 |
_aKurosh, A. G. _q(Aleksandr Gennadievich) _9152337 _eauthor |
|
| 240 | 1 | 0 |
_aKurs vysshey algebry. _lEnglish. |
| 245 | 1 | 0 |
_aHigher algebra / _cA. Kurosh ; translated from the Russian by George Yankovksy. |
| 250 | _aThird printing | ||
| 264 | 1 |
_aMoscow ; _bMir Publishers, _c1980. |
|
| 300 |
_a428 pages ; _c21 cm |
||
| 336 |
_atext _btxt _2rdacontent |
||
| 337 |
_aunmediated _bn _2rdamedia |
||
| 338 |
_avolume _bnc _2rdacarrier |
||
| 650 | 0 |
_aAlgebra _9103434 |
|
| 650 | 0 |
_aAlgebra _vExaminations, questions, etc. _98820 |
|
| 700 | 1 | 0 |
_aYankovsky, George _etranslator _9152100 |
| 942 |
_2lcc _cBK |
||
| 999 |
_c200467276 _d85488 |
||